000 01051nam a22003137a 4500
001 5246
003 FISKH
005 20241121115120.0
008 241121b cb ||||| |||| 00| 0 eng d
020 _a9780439737906
040 _aFISKH
_beng
_cFISKH
_dFISKH
050 _aPZ7.F59816
082 _a813.54
100 _aFlake, Sharon G.
245 _aBegging for Change /
_cby Sharon G. Flake
250 _aFirst Scholastic printing , December 2004
260 _aNew York :
_bScholastic ;
_c2004 .
300 _a248 pages :
_billustrations ;
_c21 cm .
490 _aFor The Love Of Money
_vBook 2
505 _aZ
520 _aTeenaged Raspberry Hill tries to sort out her confused feelings of disgust, shame, and love for her homeless, drug addicted father and worries that she may have inherited his lying and stealing ways.
521 8 _a1060
_bLexile
521 8 _aZ
_bRaz-Plus
650 _apoverty
_vfiction
650 _ayoung adult
_vfiction
650 _afamily
_vfiction
942 _2ddc
_cBK
_n0
999 _c5246
_d5246